Jammu and Kashmir ; (Record no. 142499)

MARC details
000 -LEADER
fixed length control field 00603nam a22001937a 4500
005 - DATE AND TIME OF LATEST TRANSACTION
control field 20170713104722.0
010 ## - LCCN (DPL NO)
LC control number ENG-119205
020 ## - INTERNATIONAL STANDARD BOOK NUMBER
International Standard Book Number 978812415879
Terms of availability 595.00
035 ## - SYSTEM CONTROL NUMBER
System control number EN-102737
037 ## - SOURCE OF ACQUISITION
Source of stock number/acquisition DBAD/PUB
082 ## - DEWEY DECIMAL CLASSIFICATION NUMBER
Classification number 320.95411
100 ## - MAIN ENTRY--PERSONAL NAME
Personal name Singh, Bahim
245 ## - TITLE STATEMENT
Title Jammu and Kashmir ;
Remainder of title the blunders and way out /
Statement of responsibility, etc by Bahim Singh
260 ## - PUBLICATION, DISTRIBUTION, ETC. (IMPRINT)
Place of publication, distribution, etc New Delhi
Name of publisher, distributor, etc Har-Anand Publication
Date of publication, distribution, etc 2011
270 ## - ADDRESS
Address E-49/3, Okhla Industrial Ares, Phase-II
City New Delhi
Postal code 110020
300 ## - PHYSICAL DESCRIPTION
Extent 256p
Dimensions 23cm (Hb)
500 ## - GENERAL NOTE
General note Include reference and index
942 ## - ADDED ENTRY ELEMENTS (KOHA)
Source of classification or shelving scheme Dewey Decimal Classification
Item type English Books
Classification part 320.95411
Call number suffix SIN
Holdings
Withdrawn status Lost status Not for loan Collection code Home library Current library Date acquired Source of acquisition Cost, normal purchase price Full call number Barcode Copy number Cost, replacement price Koha item type
    Not For Loan Non-fiction D.B.Act.Division Bawana 13/07/2017 DBAD/PUB 595.00 320.95411 SIN EN-102737 1 595.00 English Books

© Delhi Public Library
Hit Counter
free hit counter